Quizzes
Events
Quiz Creation
Community
Videos
Private Events
Remove Ads
Sign In
Join for FREE
Feedback
Dark Mode
Quiz Categories
Sports
Geography
Music
Movies
Television
Just For Fun
Miscellaneous
History
Literature
Language
Science
Gaming
Entertainment
Religion
Holiday
For Kids
Quiz Lab
Recent
Popular Today
Quiz Kudos Today
Editor Picks
Curator Picks
Quizzes by...
Day
Popularity
Type
Ratings
Length
Year
Community
Subscriptions
Recent Discussions
Orange Saloon
Badges
Playlists
Quests
Create
Leaderboards
Showdown
Live 5
Trivia Bingo
Activity
Puzzle Library
Sporcle Events
Private Events
Virtual Trivia
Globe League
Become a Host
Pub Owners
SporcleCon
Opinionation
Our Games
Videos
Blog
Mobile Apps
Partnerships
Remove Ads and Go Orange
Feedback
History
US Presidents
World Leaders
Politics
Nation
Discovery
War
Decade
Year
Century
Biography
Art
History
US Presidents
World Leaders
Politics
Nation
Discovery
War
Decade
Year
Century
Biography
Art
Random Quiz
Search Sporcle
×
Editor Pick
Editor Pick
History
US Presidents
Type answers that correspond to images
Type answers that correspond to images
Picture Box
Best Score? Go Orange.
The Kennedy Assassination: Who's Who? Stats
Can you name the people associated with the assassination of the 35th U.S. president John F. Kennedy?
By
senordingdong
7m
12 Questions
6,639 Plays
6,639 Plays
6,639 Plays
Comments
Comments
Give Quiz Kudos
Give Quiz Kudos
-
- Ratings
hide this ad
Replay
Link that replays current quiz
Next Quiz
Link to next quiz in quiz playlist
You Got
0%
They Got
Avg Score
61%
Avg Friend Score
Upgrade to see
Score Distribution
Jump to the score distribution portion of the page
Score
0/12
Timer
07:00
0
Plays Today
% Correct
John F. Kennedy
98.9%
Jacqueline Kennedy
95.6%
Lyndon B. Johnson
91.6%
Lee Harvey Oswald
90.8%
Jack Ruby
77.7%
Walter Cronkite
66.9%
Abraham Zapruder
47.7%
John Connally
42.8%
Earl Warren
41.9%
Nellie Connally
40.3%
J.D. Tippit
25.4%
Jim Garrison
19.5%
Quiz Playlist
Details
Report
Send in Message
Add To Playlist
Picture Box:
Type answers that correspond to images
Last Updated: Feb 19, 2018
Editor Pick in
History
Curator Pick in
US Presidents
Quiz Scoreboard
CHALLENGE
Sign Up to Join the Scoreboard
Show All
Scores
Hide
Comments
May contain spoilers
Recently Published
College Basketball Coaching Resumes
by pancakes188
Sports
9m
Billboard Blitz: Fleetwood Mac
by CooCooCachoo
Music
15s
Presidents Visiting Landmarks
by Hejman
History
7m
More to Explore
Quiz From the Vault
Featured Blog Post
Where Did the Easter Bunny Come From?
hide this ad
You Might Also Like...
Tags
US Presidents Quiz
assassination
JFK
John F. Kennedy
Picture Box
President
timeline
Today's Top Quizzes in History
Browse History
hide this ad
Today's Top Quizzes in US Presidents
Browse US Presidents
Top Contributed Quizzes in History
1
Popular People in 1991
2
Popular People in 1981
3
Popular People in 1951
4
Popular People in 1941
5
Popular People in 1986
6
Popular People in 1976
7
Popular People in 1921
8
5-to-1: 20th Century Images of War
9
I Am Born On March 28th
10
Popular People in 1946
Explore More
Trending Topics
NBA
Crossword
Kpop
Marvel
Harry Potter
Disney
Anime
Soccer
WWE
Song
Puzzle
Pokémon
The Office
NFL
Country
hide this ad
More By:
senordingdong
Quiz
Plays
Rating
Category
Featured
Created
Most to Fewest NBA Championships Minefield
942,862
4.47
Sports
Sep 4, 2017
Most to Fewest World Series Minefield
329,441
4.11
Sports
Jul 15, 2017
Most to Fewest Super Bowls Minefield
281,644
4.23
Sports
Mar 30, 2017
10 to 1: Breakfast
231,677
4.11
Miscellaneous
Feb 20, 2017
10 to 1: Dinner
221,270
4.40
Miscellaneous
Dec 26, 2017
Go to Creator's Profile
Score Distribution
Quiz Creator Spotlight
senordingdong
Follow
Send a Message
Quizzes Created
-
Created Quiz Play Count
-
More By This Creator
Popular Quizzes Today
1
Find the US States - No Outlines Minefield
2
Find the Countries of Europe - No Outlines Minefield
3
The Countries of the World
4
Find the US States
5
Risky Map Clicking: Biggest States A-Z
6
US States
7
Popular People in 1961
8
Movies - When Are They Set?
More History Quizzes
Which countries sent troops to the Russian Civil War?
Quiz Lab
Trending Quizzes
Risky Map Clicking: Least Populous States A-Z
1-10 Letter G Words
1-10 Letter F Words
Risky Map Clicking: Next State Alphabetically
Risky Map Clicking: Biggest States A-Z
Recently Updated
Leaping Animals
pecheneg
Reality TV Shows (A-Z)
bhenderson79
Rickey Henderson's Hall of Fame Teammates
pecheneg
Champions League XIs: Arsenal
pecheneg
Quick Pick: Celebrities in WWE's Hall of Fame
aduchscher
A-Z Keypad Blitz II
pecheneg
Multiple Oscar Actors
pecheneg
Mystery Phrase Blitz: Oscar 'Best Actors'
pecheneg
F. Scott Fitzgerald Novels
LTH
Pick 3 Villains
ddd62291
Trending Topics
Crossword
Disney
Kpop
NBA
Anime
Marvel
Harry Potter
Song
Puzzle
WWE
NFL
Country
Pokémon
Soccer
The Office
Your Account Isn't Verified!
In order to create a playlist on Sporcle, you need to verify the email address you used during registration. Go to your
Sporcle Settings
to finish the process.
Report this User
Report this user for behavior that violates our
Community Guidelines
.
Details:
Send Report
Go to the Sporcle.com Mobile Site →
Comments